[Event "EU-Cup (Women) 11th"]
[Site "Fuegen"]
[Date "2006.10.09"]
[Round "2.1"]
[White "Nebolsina, Vera"]
[Black "Maric, Alisa"]
[Result "1/2-1/2"]
[WhiteElo "2349"]
[BlackElo "2394"]
[PlyCount "111"]
[EventDate "2006.10.08"]
[EventType "team-swiss"]
[EventRounds "7"]
[EventCountry "AUT"]
[SourceTitle "EXT 2013"]
[Source "ChessBase"]
[SourceDate "2012.11.22"]
[SourceVersion "1"]
[SourceVersionDate "2012.11.22"]
[SourceQuality "1"]
[WhiteTeam "Vandoeuvre (W)"]
[BlackTeam "Podgorica (W)"]
[WhiteTeamCountry "FRA"]
[BlackTeamCountry "MNE"]

1. d4 Nf6 2. Nf3 e6 3. c4 b6 4. Nc3 Bb7 5. Bg5 d5 6. cxd5 exd5 7. e3 Be7 8. Bd3 0-0 9. Rc1 Nbd7 10. 0-0 Re8 11. Qc2 g6 12. Rfd1 a6 13. Ne2 c5 14. dxc5 bxc5 15. Nf4 Qb6 16. h4 d4 17. exd4 Bxf3 18. gxf3 cxd4 19. Qc6 Qxc6 20. Rxc6 a5 21. Bb5 Reb8 22. a4 Kg7 23. Rxd4 Ne5 24. Rc3 h6 25. Bxf6+ Bxf6 26. Re4 Rc8 27. Kg2 Rxc3 28. bxc3 Rd8 29. c4 Rd2 30. Kg3 Rc2 31. Nd5 Nd3 32. Nxf6 Kxf6 33. Rd4 Nxf2 34. Rd6+ Ke5 35. Rd5+ Ke6 36. Ba6 f6 37. Rxa5 Nd3 38. Bc8+ Ke7 39. Ra7+ Kd8 40. Be6 Ne5 41. a5 Rc3 42. Bd5 Nxc4 43. a6 Nb6 44. Bf7 g5 45. hxg5 hxg5 46. Rb7 Nc8 47. Be6 Rc6 48. Rb8 Rxe6 49. a7 Ra6 50. a8Q Rxa8 51. Rxa8 Kd7 52. Kg4 Nd6 53. Kh5 Nc4 54. Kh6 Ne5 55. Ra3 Ke6 56. Ra6+ 1/2-1/2

[Event "EU-Cup (Women) 11th"]
[Site "Fuegen"]
[Date "2006.10.08"]
[Round "1.1"]
[White "Maric, Alisa"]
[Black "Botvinnik, Irina"]
[Result "1-0"]
[WhiteElo "2394"]
[BlackElo "2208"]
[PlyCount "71"]
[EventDate "2006.10.08"]
[EventType "team-swiss"]
[EventRounds "7"]
[EventCountry "AUT"]
[SourceTitle "EXT 2013"]
[Source "ChessBase"]
[SourceDate "2012.11.22"]
[SourceVersion "1"]
[SourceVersionDate "2012.11.22"]
[SourceQuality "1"]
[WhiteTeam "Podgorica (W)"]
[BlackTeam "Herzliya (W)"]
[WhiteTeamCountry "MNE"]
[BlackTeamCountry "ISR"]

1. d4 d5 2. Nf3 Nf6 3. c4 dxc4 4. e3 e6 5. Bxc4 c5 6. 0-0 Nc6 7. Qe2 cxd4 8. Rd1 d3 9. Bxd3 Qc7 10. a3 Bd6 11. Nbd2 0-0 12. h3 Rd8 13. Nc4 Bf8 14. Qc2 Ne7 15. Bd2 b5 16. Ba5 Qb7 17. Bxd8 bxc4 18. Bxc4 Bd7 19. Bxe7 Bxe7 20. Rac1 Rc8 21. Qe2 Rb8 22. Ba6 Qxb2 23. Qxb2 Rxb2 24. Rc7 Ba4 25. Rd4 Rb1+ 26. Bf1 Bb5 27. Nd2 Rxf1+ 28. Nxf1 Bxa3 29. Rxa7 Bc5 30. Rd8+ Be8 31. Raa8 Kf8 32. g4 g5 33. Rdc8 Bd6 34. f4 h6 35. fxg5 hxg5 36. h4 1-0

[Event "Olympiad Women-37"]
[Site "Turin"]
[Date "2006.05.31"]
[Round "10"]
[White "Maric, Alisa"]
[Black "Peng, Zhaoqin"]
[Result "0-1"]
[WhiteElo "2415"]
[BlackElo "2395"]
[PlyCount "70"]
[EventDate "2006.05.21"]
[EventType "team-swiss"]
[EventRounds "13"]
[EventCountry "ITA"]
[SourceTitle "CBM 112 Extra"]
[Source "ChessBase"]
[SourceDate "2006.07.14"]
[SourceVersion "1"]
[SourceVersionDate "2006.07.14"]
[SourceQuality "1"]
[WhiteTeam "Yugoslavia (W)"]
[BlackTeam "Netherlands (W)"]
[WhiteTeamCountry "YUG"]
[BlackTeamCountry "NED"]

1. Nf3 d5 2. d4 c5 3. c4 dxc4 4. e3 Nf6 5. Bxc4 e6 6. 0-0 a6 7. Bd3 Nbd7 8. Re1 Be7 9. e4 cxd4 10. e5 Nd5 11. Nxd4 Qc7 12. Nf3 b5 13. Nbd2 Bb7 14. Nb3 Nb4 15. Be4 Rd8 16. Bd2 Nb6 17. Qe2 Nc4 18. Bxb7 Qxb7 19. Bxb4 Bxb4 20. Red1 0-0 21. h3 h6 22. a4 Qb6 23. axb5 axb5 24. Qc2 Rc8 25. Qe2 Rfd8 26. Rxd8+ Rxd8 27. Rd1 Rxd1+ 28. Qxd1 Nxb2 29. Qd7 Bf8 30. Nbd4 b4 31. Nc6 Qc5 32. Nd8 Qe7 33. Qc8 Nd3 34. Nc6 Qc5 35. Nfd4 Nxe5 0-1

[Event "Olympiad Women-37"]
[Site "Turin"]
[Date "2006.05.29"]
[Round "8"]
[White "Maric, Alisa"]
[Black "Dembo, Yelena"]
[Result "1/2-1/2"]
[WhiteElo "2415"]
[BlackElo "2464"]
[PlyCount "144"]
[EventDate "2006.05.21"]
[EventType "team-swiss"]
[EventRounds "13"]
[EventCountry "ITA"]
[SourceTitle "CBM 112 Extra"]
[Source "ChessBase"]
[SourceDate "2006.07.14"]
[SourceVersion "1"]
[SourceVersionDate "2006.07.14"]
[SourceQuality "1"]
[WhiteTeam "Yugoslavia (W)"]
[BlackTeam "Greece (W)"]
[WhiteTeamCountry "YUG"]
[BlackTeamCountry "GRE"]

1. Nf3 Nf6 2. c4 g6 3. g3 Bg7 4. Bg2 0-0 5. 0-0 d6 6. d4 Nc6 7. Nc3 a6 8. e3 e5 9. d5 Ne7 10. e4 b5 11. Re1 bxc4 12. Nd2 Nd7 13. Nxc4 f5 14. exf5 gxf5 15. f4 Ng6 16. fxe5 Ndxe5 17. Nxe5 Nxe5 18. h3 Rb8 19. Rb1 Ng6 20. Ne2 Be5 21. Bh6 Re8 22. b3 Bd7 23. Qd2 Qf6 24. Bg5 Qg7 25. Bh6 Qf7 26. Nf4 Kh8 27. Rbc1 Rbc8 28. Nxg6+ Qxg6 29. Bf4 Qf6 30. Kh2 Qg7 31. Rc2 Rg8 32. Rec1 Be8 33. a4 Bh5 34. Rc4 Rge8 35. Re1 Rb8 36. b4 Re7 37. Bxe5 dxe5 38. d6 cxd6 39. Qxd6 Rg8 40. Qd3 Be8 41. Rc8 e4 42. Qc3 Qxc3 43. Rxc3 Bxa4 44. Bf1 Rg6 45. Rc5 Bd7 46. Rc7 Rd6 47. b5 axb5 48. Bxb5 Rg7 49. Rxd7 Rgxd7 50. Bxd7 Rd2+ 51. Kh1 Rxd7 52. g4 Kg7 53. gxf5 Re7 54. Kg2 Kf6 55. Kg3 Kxf5 56. Rf1+ Ke5 57. Rf8 Re6 58. Ra8 Rd6 59. h4 Rg6+ 60. Kf2 Rg4 61. h5 Kf4 62. Ra7 h6 63. Ra6 e3+ 64. Kf1 Kg5 65. Ra5+ Kh4 66. Ke2 Re4 67. Rb5 Kg4 68. Ra5 Re6 69. Rb5 Kf4 70. Ra5 Ke4 71. Ra3 Kf4 72. Ra5 Kg4 1/2-1/2

[Event "Olympiad Women-37"]
[Site "Turin"]
[Date "2006.05.21"]
[Round "1"]
[White "Maric, Alisa"]
[Black "Sanchez Castillo, Sarai Carolina"]
[Result "0-1"]
[WhiteElo "2415"]
[BlackElo "2176"]
[PlyCount "114"]
[EventDate "2006.05.21"]
[EventType "team-swiss"]
[EventRounds "13"]
[EventCountry "ITA"]
[SourceTitle "CBM 112 Extra"]
[Source "ChessBase"]
[SourceDate "2006.07.14"]
[SourceVersion "1"]
[SourceVersionDate "2006.07.14"]
[SourceQuality "1"]
[WhiteTeam "Yugoslavia (W)"]
[BlackTeam "Venezuela (W)"]
[WhiteTeamCountry "YUG"]
[BlackTeamCountry "VEN"]

1. Nf3 d5 2. d4 Nf6 3. c4 c6 4. cxd5 cxd5 5. Nc3 Nc6 6. Bf4 a6 7. Rc1 e6 8. e3 Be7 9. h3 Bd7 10. Bd3 b5 11. 0-0 0-0 12. Ne5 Na5 13. b3 Rc8 14. Nb1 Nc6 15. a3 Ne4 16. Qe2 f6 17. Nxc6 Bxc6 18. a4 Qa5 19. axb5 Bxb5 20. Bxb5 axb5 21. f3 Nd6 22. e4 b4 23. Qd3 Qb5 24. Qe3 dxe4 25. Bxd6 Bxd6 26. Qxe4 Qd5 27. Nd2 f5 28. Qe3 e5 29. Nc4 exd4 30. Qd3 Bc5 31. Rfe1 Qf7 32. Ne5 Qd5 33. Nc4 g6 34. Re5 Qf7 35. Rce1 Rfe8 36. Kh1 Rxe5 37. Rxe5 Qf6 38. Rd5 Ba7 39. Rd7 Qa6 40. f4 Re8 41. Qf3 Re4 42. Rd8+ Kg7 43. Rd7+ Kh8 44. Rd8+ Kg7 45. Rd7+ Kf8 46. Rd8+ Ke7 47. Rh8 Qa1+ 48. Kh2 d3 49. Rxh7+ Kf6 50. Rxa7 Qxa7 51. Qxd3 Qd4 52. Qf3 Rxf4 53. Qc6+ Kg5 54. Nd6 Rf1 55. Nf7+ Kh5 56. Qc7 Qg1+ 57. Kg3 f4+ 0-1

[Event "SCG Cup (Woman)"]
[Site "Vrnjacka Banja"]
[Date "2006.05.05"]
[Round "5"]
[White "Maric, Alisa"]
[Black "Grabuzova, Tatiana"]
[Result "1-0"]
[WhiteElo "2415"]
[BlackElo "2356"]
[PlyCount "79"]
[EventDate "2006.05.01"]
[EventType "swiss"]
[EventRounds "7"]
[EventCountry "YUG"]
[SourceTitle "EXT 2007"]
[Source "ChessBase"]
[SourceDate "2006.11.23"]
[SourceVersion "1"]
[SourceVersionDate "2006.11.23"]
[SourceQuality "1"]

1. Nf3 e6 2. c4 f5 3. g3 b6 4. Bg2 Bb7 5. 0-0 Nf6 6. d4 g6 7. Nc3 Bg7 8. b3 0-0 9. Bb2 Qe7 10. Qc2 d6 11. Rad1 Nbd7 12. Ne1 Bxg2 13. Kxg2 Rae8 14. Nd3 Qd8 15. d5 e5 16. Nb4 Nb8 17. a3 Qd7 18. Nd3 f4 19. f3 g5 20. Nf2 Qf7 21. g4 Qg6 22. Qxg6 hxg6 23. Nb5 Na6 24. Nxa7 e4 25. Bxf6 exf3+ 26. exf3 Bxf6 27. Rfe1 Nc5 28. b4 Na4 29. Nb5 Nb2 30. Ne4 Kg7 31. Nxc7 Rxe4 32. fxe4 f3+ 33. Kf2 Rh8 34. Kg3 Be5+ 35. Kxf3 Rh3+ 36. Kg2 Rxh2+ 37. Kg1 Nxc4 38. Ne6+ Kh6 39. Rc1 Nd2 40. Re3 1-0